A pre-history of educational philosopy in the United States: 1861 to 1914 (Record no. 74688)
[ view plain ]
| 000 -CABECERA | |
|---|---|
| campo de control de longitud fija | 00638nam a2200217 a 4500 |
| 005 - FECHA Y HORA DE LA ÚLTIMA TRANSACCIÓN | |
| campo de control | 20210219153344.0 |
| 008 - ELEMENTOS DE LONGITUD FIJA--INFORMACIÓN GENERAL | |
| campo de control de longitud fija | 991125n 000 0 eng u |
| 035 ## - NÚMERO DE CONTROL DEL SISTEMA | |
| Número de control de sistema | UPN01000093379 |
| 100 ## - ASIENTO PRINCIPAL--NOMBRE PERSONAL | |
| Nombre de persona | KAMINSKY, James S. |
| 222 ## - TÍTULO CLAVE | |
| Título clave | HARVARD EDUCATIONAL REVIEW |
| 245 ## - MENCIÓN DE TÍTULO | |
| Título | A pre-history of educational philosopy in the United States: 1861 to 1914 |
| 260 ## - PUBLICACIÓN, DISTRIBUCIÓN, ETC. | |
| Lugar de publicación, distribución, etc. | MASSACHUSETTS, EUA |
| 300 ## - DESCRIPCIÓN FÍSICA | |
| Extensión | 179-198 |
| 362 ## - FECHAS DE PUBLICACIÓN Y/O DESIGNACIÓN SECUENCIAL | |
| Fecha de publicación y/o designación secuencial | 1992 Vol.62, no. 2 (summer) |
| 653 0# - TERMINO DE INDIZACION - NO CONTROLADO | |
| Término no controlado | DESARROLLO SOCIAL |
| 653 0# - TERMINO DE INDIZACION - NO CONTROLADO | |
| Término no controlado | ESTADOS UNIDOS DE AMERICA |
| 653 0# - TERMINO DE INDIZACION - NO CONTROLADO | |
| Término no controlado | FILOSOFIA EDUCATIVA |
| 653 0# - TERMINO DE INDIZACION - NO CONTROLADO | |
| Término no controlado | HISTORIA EDUCATIVA |
| 904 ## - ELEMENTOS DE DATOS D LOCAL, LDD (RLIN) | |
| a | AC |
| b | 031190 |
| 905 ## - TIPO DE MATERIAL | |
| Tipo de material | Articulo |
No items available.
